Komenského slovník naučný

Uložené v:
Podrobná bibliografia
Médium: Kniha
Jazyk:Czech
Vydavateľské údaje: Praha Nakl. a vyd. Komenského slovníku naučného 1938
Tagy: Pridať tag
Žiadne tagy, Buďte prvý, kto otaguje tento záznam!

MARC

LEADER 00000nam a2200000 4500
001 c123317
005 20221207065554.6
041 0 |a cze 
044 |a CZ 
245 1 0 |a Komenského slovník naučný 
264 1 |a Praha  |b Nakl. a vyd. Komenského slovníku naučného  |c 1938 
300 |a 607 s.  |e obr. príl.